Cyber Crimes Against Women In India (Record no. 11947)

MARC details
000 -LEADER
fixed length control field 00357nam a22001337a 4500
008 - FIXED-LENGTH DATA ELEMENTS--GENERAL INFORMATION
fixed length control field 220124b ||||| |||| 00| 0 eng d
020 ## - INTERNATIONAL STANDARD BOOK NUMBER
International Standard Book Number 9789385985775
082 ## - DEWEY DECIMAL CLASSIFICATION NUMBER
Classification number 362.88
Item number 1
100 ## - MAIN ENTRY--PERSONAL NAME
Personal name Halder Debarati.,etal
9 (RLIN) 7521
245 ## - TITLE STATEMENT
Title Cyber Crimes Against Women In India
260 ## - PUBLICATION, DISTRIBUTION, ETC. (IMPRINT)
Place of publication, distribution, etc. New Delhi
Name of publisher, distributor, etc. SAGE Publications
Date of publication, distribution, etc. 2017
300 ## - PHYSICAL DESCRIPTION
Extent 252.P
942 ## - ADDED ENTRY ELEMENTS (KOHA)
Source of classification or shelving scheme Dewey Decimal Classification
Koha item type BOOK
Holdings
Withdrawn status Lost status Source of classification or shelving scheme Damaged status Not for loan Home library Current library Shelving location Date acquired Total Checkouts Full call number Barcode Date last seen Price effective from Koha item type
    Dewey Decimal Classification     Good Samaritan School Library Good Samaritan School Library LAW 01/24/2022   362.88 1 HAL17194 01/24/2022 01/24/2022 BOOK

Powered by Koha